<?xml version="1.0" encoding="UTF-8"?>
<record
    xmlns:xsi="http://www.w3.org/2001/XMLSchema-instance"
    xsi:schemaLocation="http://www.loc.gov/MARC21/slim http://www.loc.gov/standards/marcxml/schema/MARC21slim.xsd"
    xmlns="http://www.loc.gov/MARC21/slim">

  <leader>01109nam a22002297a 4500</leader>
  <controlfield tag="008">171014s2000        ho||||| |||| 00| 0 spa d</controlfield>
  <datafield tag="082" ind1="0" ind2="4">
    <subfield code="a">704.042</subfield>
    <subfield code="b">M941m</subfield>
  </datafield>
  <datafield tag="100" ind1="1" ind2=" ">
    <subfield code="a">Blandino, Bayardo.</subfield>
    <subfield code="9">6043</subfield>
  </datafield>
  <datafield tag="245" ind1="1" ind2="0">
    <subfield code="a">MUA instala'99 :</subfield>
    <subfield code="b">centroam&#xE9;rica y el caribe /</subfield>
    <subfield code="c">curadur&#xED;a general por Bayardo Blandino ; Mujeres en las Artes "Leticia de Oyuela".</subfield>
  </datafield>
  <datafield tag="250" ind1=" " ind2=" ">
    <subfield code="a">1a edici&#xF3;n.</subfield>
  </datafield>
  <datafield tag="260" ind1=" " ind2=" ">
    <subfield code="a">Honduras :</subfield>
    <subfield code="b">Mujeres en las Artes "Leticia de Oyuela",</subfield>
    <subfield code="c">2000.</subfield>
  </datafield>
  <datafield tag="300" ind1=" " ind2=" ">
    <subfield code="a">112 p&#xE1;ginas :</subfield>
    <subfield code="b">ilustraciones.</subfield>
  </datafield>
  <datafield tag="500" ind1=" " ind2=" ">
    <subfield code="a">Curadoras invitadas Centroam&#xE9;rica y el Caribe: Virginia P&#xE9;rez-Ratton de Costa Rica, Llilian LLanez Godoy de Cuba, Astrid Bahamond de El Salvador, Rossina Cazali de Guatemala, Am&#xE9;rica Mej&#xED;a de Honduras, Patricia Belli de Nicaragua, M&#xF3;nica E. Kupfer de Panam&#xE1;.</subfield>
  </datafield>
  <datafield tag="653" ind1="1" ind2="0">
    <subfield code="a">Arte contempor&#xE1;neo</subfield>
  </datafield>
  <datafield tag="653" ind1="1" ind2="0">
    <subfield code="a">Mujeres en el arte</subfield>
  </datafield>
  <datafield tag="653" ind1="1" ind2="0">
    <subfield code="a">Arte Centroamericano - Historia</subfield>
  </datafield>
  <datafield tag="653" ind1="1" ind2="0">
    <subfield code="a">Artes pl&#xE1;sticas </subfield>
  </datafield>
  <datafield tag="653" ind1="1" ind2="0">
    <subfield code="a">Artes esc&#xE9;nicas</subfield>
  </datafield>
  <datafield tag="653" ind1="1" ind2="0">
    <subfield code="a">Mujeres artistas - Cat&#xE1;logo de obras</subfield>
  </datafield>
  <datafield tag="653" ind1="1" ind2="0">
    <subfield code="a">Artistas centroamericanos</subfield>
  </datafield>
  <datafield tag="710" ind1="1" ind2=" ">
    <subfield code="a">Mujeres en las Artes "Leticia de Oyuela".</subfield>
    <subfield code="9">6044</subfield>
  </datafield>
  <datafield tag="999" ind1=" " ind2=" ">
    <subfield code="c">1327</subfield>
    <subfield code="d">1327</subfield>
  </datafield>
  <datafield tag="952" ind1=" " ind2=" ">
    <subfield code="0">0</subfield>
    <subfield code="1">0</subfield>
    <subfield code="2">ddc</subfield>
    <subfield code="4">0</subfield>
    <subfield code="7">0</subfield>
    <subfield code="a">LV</subfield>
    <subfield code="b">LV</subfield>
    <subfield code="c">Monograf&#xED;as</subfield>
    <subfield code="d">2017-10-14</subfield>
    <subfield code="l">0</subfield>
    <subfield code="o">704.042 M941m</subfield>
    <subfield code="p">003909</subfield>
    <subfield code="r">2017-10-14 00:00:00</subfield>
    <subfield code="w">2017-10-14</subfield>
    <subfield code="y">01</subfield>
  </datafield>
</record>
